Historia de Cromwell (Record no. 167627)

MARC details
000 -LEADER
campo de control de longitud fija 00715nam a2200181 i 4500
001 - NÚMERO DE CONTROL
campo de control 167627
003 - IDENTIFICADOR DE NÚMERO DE CONTROL
campo de control ES-MaACL
005 - FECHA Y HORA DE LA ÚLTIMA TRANSACCIÓN
campo de control 20250905063054.0
008 - DATOS DE LONGITUD FIJA--INFORMACIÓN GENERAL
campo de control de longitud fija 960320s1842 sp |||| |bspa d
100 1# - ENTRADA PRINCIPAL--NOMBRE DE PERSONA
Nombre de persona Villemain, Abel-François,
Fechas asociadas al nombre 1791-1870
9 (RLIN) 133764
245 10 - MENCIÓN DEL TÍTULO
Título Historia de Cromwell
Resto del título : sacada de las memorias del tiempo y de las colecciones parlamentarias /
Mención de responsabilidad, etc. escrita en Frances por Villemain.
260 ## - PUBLICACIÓN, DISTRIBUCIÓN, ETC.
Lugar de publicación, distribución, etc. Sevilla :
Nombre del editor, distribuidor, etc. Álvarez y Cª,
Fecha de publicación, distribución, etc. 1842.
300 ## - DESCRIPCIÓN FÍSICA
Extensión 2 t. en 1 v. (314, 320 p.) ;
Dimensiones 17 cm.
600 14 - PUNTO DE ACCESO ADICIONAL DE MATERIA--NOMBRE DE PERSONA
Nombre de persona Cromwell, Oliver.
9 (RLIN) 41689
651 #4 - PUNTO DE ACCESO ADICIONAL DE MATERIA--NOMBRE GEOGRÁFICO
Nombre geográfico Gran Bretaña-
Subdivisión general Historia-
Subdivisión cronológica 1649-1660, Commonwealth y Protectorado.
9 (RLIN) 160090
852 ## - LOCALIZACIÓN
Ubicación ES-MaACL
Número de control de estantería G-1316
Nota libre - Enc. hol.
Holdings
Estatus retirado Estado de pérdida Estado de daño No para préstamo Colección Biblioteca de origen Biblioteca actual Ubicación en estantería Fecha de adquisición Fuente de adquisición Total de préstamos Signatura topográfica completa Código de barras Visto por última vez Precio de reemplazo Tipo de ítem Koha
        Libros del s. XIX Biblioteca del Ateneo de Madrid Biblioteca del Ateneo de Madrid Depósito 2 17/01/2008     G-1316 1175861 23/02/2023 23/02/2023 Libro impreso antiguo